Chemical kinetics / (Record no. 7604)
[ view plain ]
| 000 -LEADER | |
|---|---|
| fixed length control field | 00507cam a2200217ua 4500 |
| 041 ## - LANGUAGE CODE | |
| Language code of text/sound track or separate title | eng |
| 082 ## - DEWEY DECIMAL CLASSIFICATION NUMBER | |
| Classification number | 541.394 |
| Item number | GUR/CH |
| 100 ## - MAIN ENTRY--AUTHOR NAME | |
| Personal name | Gurdeep , Raj . |
| 245 ## - TITLE STATEMENT | |
| Title | Chemical kinetics / |
| 250 ## - EDITION STATEMENT | |
| Edition statement | 5 / |
| 260 ## - PUBLICATION, DISTRIBUTION, ETC. (IMPRINT) | |
| Place of publication | Meerut : |
| Name of publisher | Goel Publishing House , |
| Year of publication | 1992. |
| 300 ## - PHYSICAL DESCRIPTION | |
| Number of Pages | 328 ; . |
| 500 ## - GENERAL NOTE | |
| General note | *CSS |
| 942 ## - ADDED ENTRY ELEMENTS (KOHA) | |
| Koha item type | Books |
| Withdrawn status | Lost status | Damaged status | Home library | Current library | Date acquired | Full call number | Accession Number | Koha item type | Shelving location |
|---|---|---|---|---|---|---|---|---|---|
| KAUAET | KAUAET | 07/04/2012 | 541.394 GUR/CH | 19079 | Books | ||||
| KAUAET | KAUAET | 26/07/2018 | 541.394 GUR/CH | 19019 | Book Bank scheme for SC students | Scheme | |||
| KAUAET | KAUAET | 26/07/2018 | 541.394 GUR/CH | 19020 | Book Bank scheme for SC students | Scheme |
